LEADER 01294nam 2200433 450 001 9910460889403321 005 20200520144314.0 010 $a2-36493-460-5 035 $a(CKB)3710000000416643 035 $a(MiAaPQ)EBC5709826 035 $a(Au-PeEL)EBL5709826 035 $a(OCoLC)1088331738 035 $a(EXLCZ)993710000000416643 100 $a20190312d2014 uy 0 101 0 $afre 135 $aurcnu|||||||| 181 $ctxt$2rdacontent 182 $cc$2rdamedia 183 $acr$2rdacarrier 200 10$aDe l'ae?rodynamique a? l'hydraulique $eun sie?cle d'e?tudes sur mode?les re?duits /$fHenri-Claude Boisson, Pierre Crausse 210 1$aToulouse, France :$cCe?padue?s-E?ditions,$d[2014] 210 4$dİ2014 215 $a1 online resource (182 pages) $cillustrations 311 $a2-36493-093-6 606 $aHydraulic models 606 $aAerodynamics 608 $aElectronic books. 615 0$aHydraulic models. 615 0$aAerodynamics. 676 $a627.011 700 $aBoisson$b Henri-Claude$0914059 702 $aCrausse$b Pierre 801 0$bMiAaPQ 801 1$bMiAaPQ 801 2$bMiAaPQ 906 $aBOOK 912 $a9910460889403321 996 $aDe l'ae?rodynamique a? l'hydraulique$92047903 997 $aUNINA LEADER 01964oam 2200481M 450 001 9910716219703321 005 20200213070528.9 035 $a(CKB)5470000002519931 035 $a(OCoLC)1065829745 035 $a(OCoLC)995470000002519931 035 $a(EXLCZ)995470000002519931 100 $a20071213d1926 ua 0 101 0 $aeng 135 $aurcn||||||||| 181 $ctxt$2rdacontent 182 $cc$2rdamedia 183 $acr$2rdacarrier 200 10$aGranting relief to the Metropolitan Police and to the officers and members of the Fire Department of the District of Columbia. April 5 (calendar day, April 14), 1926. -- Ordered to be printed 210 1$a[Washington, D.C.] :$c[U.S. Government Printing Office],$d1926. 215 $a1 online resource (2 pages) 225 1 $aSenate report / 69th Congress, 1st session. Senate ;$vno. 592 225 1 $a[United States congressional serial set ] ;$v[serial no. 8525] 300 $aBatch processed record: Metadata reviewed, not verified. Some fields updated by batch processes. 300 $aFDLP item number not assigned. 517 $aGranting relief to the Metropolitan Police and to the officers and members of the Fire Department of the District of Columbia. April 5 606 $aLegislative amendments 606 $aUniforms 606 $aFire fighters 606 $aPolice 608 $aLegislative materials.$2lcgft 615 0$aLegislative amendments. 615 0$aUniforms. 615 0$aFire fighters. 615 0$aPolice. 701 $aCapper$b Arthur$f1865-1951$pRepublican (KS)$01386839 801 0$bWYU 801 1$bWYU 801 2$bOCLCO 801 2$bOCLCQ 906 $aBOOK 912 $a9910716219703321 996 $aGranting relief to the Metropolitan Police and to the officers and members of the Fire Department of the District of Columbia. April 5 (calendar day, April 14), 1926. -- Ordered to be printed$93444550 997 $aUNINA LEADER 01089nam 2200397 450 001 9910816459803321 005 20230809234126.0 010 $a1-68325-437-6 035 $a(CKB)4340000000194576 035 $a(MiAaPQ)EBC4946474 035 $a(Au-PeEL)EBL4946474 035 $a(CaPaEBR)ebr11424523 035 $a(OCoLC)1001374667 035 $a(EXLCZ)994340000000194576 100 $a20200128d2017 uy 0 101 0 $aspa 135 $aurcnu|||||||| 181 $ctxt$2rdacontent 182 $cc$2rdamedia 183 $acr$2rdacarrier 200 13$aEl ce?spedes ornamentales /$fAngelo Vavassori 210 1$a[Place of publication not identified] :$cEditorial De Vecchi,$d[2017] 210 4$dİ2017 215 $a1 online resource (73 pages) 311 $a84-315-3638-1 606 $aGrasses 615 0$aGrasses. 676 $a633.2 700 $aVavassori$b Angelo$01648186 801 0$bMiAaPQ 801 1$bMiAaPQ 801 2$bMiAaPQ 906 $aBOOK 912 $a9910816459803321 996 $aEl ce?spedes ornamentales$93996184 997 $aUNINA